=LDR 00000nam 2200000 4500 =001 INLIS000000000028372 =005 20200722121947 =035 ##$$a 0010-061300000028372 =008 200722################g##########0#ind## =041 ##$$a Ind =082 ##$$a 2X5 =090 ##$$a 2X5, Alh n =100 1#$$a Hajjar, Muhammad =245 1#$$a Negeri para pencinta, konsep cinta abadi dalam tasawuf, /$c Muhammad al Hajjar =260 ##$$a Bandung :$b Pustaka Hidayah,$c 2003 =300 ##$$a 206 hlm, ; $c 13x18 cm =650 #4$$a Tasawuf =850 ##$$a NBPNMAT =084 ##$$a 2X5 HAJ n =250 ##$$a cet.1 =990 ##$$a 00053698